Quantum mechanics in Hilbert space /

Guardado en:
Autor Principal: Prugovecki, Eduard, 1937-2003.
Formato: Libro
Idioma:English
Publicado: New York : Academic Press, 1981.
Edición:2nd ed.
Series:Pure and applied mathematics (Academic Press) ; 92.
Materias:
Etiquetas: Agregar Etiqueta
Sin Etiquetas, Sea el primero en etiquetar este registro!
LEADER 01104cam a2200265 a 4500
001 MAT.inmabb003426
008 801120s1981####nyu######b####001#0#eng##
005 20130306174234.0
245 1 0 |a Quantum mechanics in Hilbert space /  |c Eduard Prugovecki. 
250 |a 2nd ed. 
260 |a New York :  |b Academic Press,  |c 1981. 
300 |a xxi, 685 p. ;  |c 24 cm. 
490 1 |a Pure and applied mathematics, a series of monographs and textbooks ;  |v v. 92 
504 |a Bibliografía: p. 669-678. 
505 0 |a 1. Basic ideas of Hilbert space theory -- 2. Measure theory and Hilbert spaces of functions -- 3. Theory of linear operators in Hilbert spaces -- 4. The axiomatic structure of quantum mechanics -- 5. Quantum mechanical scattering theory. 
510 4 |a MR,  |c 84k:81005 
020 |a 012566060X 
100 1 |a Prugovecki, Eduard,  |d 1937-2003. 
830 0 |a Pure and applied mathematics (Academic Press) ;  |v 92. 
650 0 |a Hilbert space. 
650 0 |a Quantum theory. 
084 |a 81-01 (46-01 47-01)  |2 msc2000 
010 |a  80000534  
040 |a DLC  |c DLC  |d DLC 
859 |h 81  |i P971  |p A-6287  |b BIB. MATEMATICA